000 00395nam a2200157Ia 4500
005 20240821155355.0
008 240821s9999||||xx |||||||||||||| ||und||
082 _a370.1 KNE
100 _aKneller, George F.
245 0 _aFoundations of education
250 _a3rd ed.
260 _aNew York
_bJohn Wiley & Sons
_c1971
300 _axi,674p
650 _aEducationKneller, Ge
942 _cBK
999 _c111183
_d111183